| Tag |
First Indicator |
Second Indicator |
Subfields |
| LEADER |
00000cam a2200000 4500 |
| 001 |
in00000053991 |
| 005 |
20151008051414.0 |
| 008 |
720315s1963 nyu b 00000 eng u |
| 010 |
|
|
|a 62020236
|
| 035 |
|
|
|a (OCoLC)00263673
|
| 035 |
|
|
|9 AAG7676AM
|
| 040 |
|
|
|c WSU
|d OCL
|d TXA
|d UtOrBLW
|
| 049 |
|
|
|a TXAM
|c [414368]
|
| 050 |
|
0 |
|a HV881
|b .W57
|
| 092 |
|
|
|a 362.73
|b W825i
|
| 100 |
1 |
|
|a Witmer, Helen Leland.
|
| 245 |
1 |
0 |
|a Independent adoptions :
|b a follow-up study /
|c by Helen L. Witmer [and others].
|
| 264 |
|
1 |
|a New York :
|b Russell Sage Foundation,
|c 1963.
|
| 300 |
|
|
|a 463 pages
|
| 336 |
|
|
|a text
|b txt
|2 rdacontent
|
| 337 |
|
|
|a unmediated
|b n
|2 rdamedia
|
| 338 |
|
|
|a volume
|b nc
|2 rdacarrier
|
| 504 |
|
|
|a Bibliographical footnotes.
|
| 650 |
|
0 |
|a Adoption
|z United States.
|
| 999 |
|
|
|a MARS
|
| 999 |
f |
f |
|s e1095694-84e5-3d5f-88fc-107633cc421a
|i f0234377-b02f-3b45-ad44-d02b497f42df
|t 0
|
| 952 |
f |
f |
|p ric
|a Texas A&M University
|b Rellis Campus
|c Joint Library Facility
|d Remote Storage
|t 0
|e HV881 .W57
|h Library of Congress classification
|i unmediated -- volume
|m A14800811165
|
| 998 |
f |
f |
|a HV881 .W57
|t 0
|l Remote Storage
|